000 00486nam a2200157Ia 4500
999 _c37270
_d37270
003 OSt
005 20201013155326.0
008 190216s9999||||xx |||||||||||||| ||und||
040 _coclc
082 _a338.479154
_bSIN/I
100 _aSingh, Ratandeep
_95597
245 0 _aInfrastructure Of Tourism In India /
_cRatandeep Singh
260 _bKanishka Publications,
_c1996.
_aNew Delhi:
300 _a414p
942 _cBK
_2ddc
_h338.479154
_iSIN/I
_k338.479154
_mSIN/I